00418nam a2200157Ia 4500003000400000005001700004008004100021020001800062040000900080082001900089100002200108245005500130260004300185300000900228650002300237OSt20201013100511.0190216s9999||||xx |||||||||||||| ||und|| a9788178796178 coclc a796.069bBHA/C aBhardwaj, Ramesh  4aThe Coach And Sports Management /cRamesh Bhardwaj bSports Publication,c2011.aNew Delhi: a248p aPhysical Education